| 000 -CABECERA |
| Longitud fija campo de control |
00791nam a2200193 a 4500 |
| 003 - IDENTIFICADOR DEL NÚMERO DE CONTROL |
| Identificador del número de control |
OSt |
| 005 - FECHA Y HORA DE LA ÚLTIMA TRANSACCIÓN |
| Fecha y hora de la última transacción |
20191122104429.0 |
| 008 - CÓDIGOS DE INFORMACIÓN DE LONGITUD FIJA |
| Códigos de información de longitud fija |
191121s2015 spca||| |||| 000 0 spa|d |
| 020 ## - NÚMERO INTERNACIONAL NORMALIZADO PARA LIBROS |
| Número Internacional Normalizado para Libros (ISBN) |
9788486469856 |
| 040 ## - FUENTE DE LA CATALOGACIÓN |
| Centro catalogador de origen |
ES-BaBC |
| Lengua de catalogación |
cat |
| Centro transcriptor |
CDMR |
| 245 00 - MENCIÓN DE TÍTULO |
| Título |
Fotomovimiento |
| Resto del título |
: 4 años de testimonio fotográfico, del #15M a las #leyesmordaza = 4 anys de testimoni fotogràfic, del #15M a les #lleis mordassa = 4 years of photographic testimony, from #15M to the #gaglaws |
| Mención de responsabilidad, etc. |
/ [coordinadores: Bru Aguiló y Mònica Parra] |
| 260 ## - PUBLICACIÓN, DISTRIBUCIÓN, ETC. (PIE DE IMPRENTA) |
| Lugar de publicación, distribución, etc. |
[Barcelona] : |
| Nombre del editor, distribuidor, etc. |
Datecuenta, |
| Fecha de publicación, distribución, etc. |
2015 |
| 300 ## - DESCRIPCIÓN FÍSICA |
| Extensión |
119 p. ; |
| Otras características físicas |
il. ; |
| Dimensiones |
22,5 cm |
| 546 ## - NOTA DE LENGUA |
| Nota de lengua |
Textos en català, castellà i anglès |
| 650 #7 - PUNTO DE ACCESO ADICIONAL DE MATERIA - TÉRMINO DE MATERIA |
| Término de materia o nombre geográfico como elemento inicial |
Moviments socials |
| Subdivisión geográfica |
Espanya |
| Subdivisión de materia general |
Llibres de làmines |
| Fuente del encabezamiento o término |
lemac |
| 700 1# - PUNTO DE ACCESO ADICIONAL - NOMBRE DE PERSONA |
| Nombre de persona |
Aguiló, Bru, |
| 700 1# - PUNTO DE ACCESO ADICIONAL - NOMBRE DE PERSONA |
| Nombre de persona |
Parra, Mònica, |
| 942 ## - ENTRADA DE ELEMENTOS AGREGADOS (KOHA) |
| Koha [por defecto] tipo de item |
Monografies |